Konfigurácia procesov v intenciách zoštíhľovania výroby a logistiky v podniku diplomová práca

Salvato in:
Dettagli Bibliografici
Autore principale: Garaj, Martin
Ente Autore: Fakulta podnikového manažmentu EU. Katedra manažmentu výroby a logistiky - zrušená
Altri autori: Dupaľ, Andrej
Natura: Libro
Lingua:slovacco
Pubblicazione: Bratislava 2023
Tags: Aggiungi Tag
Nessun Tag, puoi essere il primo ad aggiungerne!!

MARC

LEADER 00000nbm a2200000 4500
001 0293472
005 20240529133215.9
041 0 |a slo 
044 |a SK 
245 1 0 |a Konfigurácia procesov v intenciách zoštíhľovania výroby a logistiky v podniku  |b diplomová práca  |c Martin Garaj ; školiteľ: Andrej Dupaľ 
264 1 |a Bratislava  |c 2023 
300 |a 71 s. 
100 1 |a Garaj, Martin 
700 1 |a Dupaľ, Andrej 
710 2 |a Fakulta podnikového manažmentu EU. Katedra manažmentu výroby a logistiky - zrušená